Vocabulary Blitz XLI Quiz Stats

 Plays Quiz Updated Mar 23, 2018

Challenge
Share
Tweet
Embed
Score 0/5 Timer 01:00
7 Plays Today
% Correct
seduce
91.7%
induce
82.2%
traduce
58.5%
educe
57.8%
adduce
57.5%

You're not logged in!

Compare scores with friends on all Sporcle quizzes.
Join for Free
OR
Log In

You Might Also Like...

Show Comments

Extras

Top Quizzes Today


Score Distribution

Your Account Isn't Verified!

In order to create a playlist on Sporcle, you need to verify the email address you used during registration. Go to your Sporcle Settings to finish the process.

Report this User

Report this user for behavior that violates our Community Guidelines.

Details: